| 000 | 00405nam a2200121Ia 4500 | ||
|---|---|---|---|
| 008 | 220204s9999 xx 000 0 und d | ||
| 082 |
_aNR:33(048.8) _bRAM;1 |
||
| 100 | _aRamakrishna Pillai, K | ||
| 245 | 0 | _aResponse of small growers of rubber to the aid schemes of the Rubber Board: Report of a sample survey | |
| 260 |
_aKottayam _bRubber Board _c1974 |
||
| 650 | _aRubber Board aid schemes | ||
| 942 | _cBK | ||
| 999 |
_c43579 _d43579 |
||